| 000 | 01161cad a22002175a 4500 | ||
|---|---|---|---|
| 001 | L155915 | ||
| 008 | 120420s2012 xxkad f s 000 0 eng d | ||
| 035 | _a(Sirsi) u155915 | ||
| 041 | 0 | _aeng | |
| 110 | 2 |
_aCB Richard Ellis _93675 |
|
| 245 | 0 | 0 |
_aUK monthly marketview _bApril 2012 _h[electronic resource] |
| 260 |
_aLondon _bCBRE _c2012 |
||
| 490 | 0 |
_aCBRE UK Monthly Index Marketview _vApril 2012 |
|
| 520 | _aAll Property total returns were 0.1% in March with capital values down by 0.4% aside from Central London offices which continued to outperform the wider market. All Property rental values saw no overall movement in March as in February. Over Q1 2012 industrials performed the strongest with total returns of 1.1%. Equivalent yields moved out by two basis points in March. Of the three asset classes equities returned 6.1%, gilts and property trailing on 1.5 % and 0.5% respectively. | ||
| 590 | _aKA NTK | ||
| 650 | 2 | 4 | _aCBRE UK MONTHLY INDEX MARKETVIEW |
| 651 | 4 | _aUnited Kingdom | |
| 690 |
_aCommercial property _96227 |
||
| 856 | 4 | 0 |
_uhttps://www.cbre.co.uk/portal/page/portal/uk_en/research _zView the report at www.cbre.co.uk |
| 942 | _n0 | ||
| 999 |
_c113916 _d113916 |
||